Famous Faces - November Birthdays - Statistics

General Stats
  • This quiz has been taken 329 times
  • The average score is 13 of 30
Answer Stats
Picture Hint Answer % Correct
November 20, 1942 Joe Biden
96%
November 8, 1966 Gordon Ramsay
84%
November 30, 1874 Winston Churchill
84%
November 27, 1940 Bruce Lee
81%
November 13, 1955 Whoopi Goldberg
79%
November 17, 1944 Danny DeVito
78%
November 23, 1992 Miley Cyrus
75%
November 2, 1755 Marie Antoinette
73%
November 7, 1867 Marie Curie
60%
November 26, 1939 Tina Turner
59%
November 10, 1483 Martin Luther
54%
November 5, 1941 Art Garfunkel
53%
November 22, 1890 Charles De Gaulle
53%
November 29, 1976 Chadwick Boseman
41%
November 19, 1917 Indira Gandhi
40%
November 3, 1949 Anna Wintour
35%
November 12, 1961 Nadia Comaneci
31%
November 1, 1960 Tim Cook
24%
November 9, 1934 Carl Sagan
21%
November 24, 1784 Zachary Taylor
21%
November 6, 1979 Lamar Odom
18%
November 4, 1916 Walter Cronkite
18%
November 11, 1821 Fyodor Dostoyevsky
17%
November 18, 1939 Margaret Atwood
13%
November 16, 1985 Sanna Marin
13%
November 21, 1694 Voltaire
13%
November 25, 1835 Andrew Carnegie
7%
November 14, 1840 Claude Monet
5%
November 28, 1820 Friedrich Engels
4%
November 15, 1887 Georgia O'Keeffe
2%
No matching quizzes found
Score Distribution
Percent of People with Each Score
Percentile by Number Answered
Your Score History
You have not taken this quiz